| 000 | 00830nam a2200229Ia 4500 | ||
|---|---|---|---|
| 005 | 20250108124836.0 | ||
| 008 | 008 250107s9999 xx 000 0 hin d | ||
| 020 | _a978-81-85787-66-4 | ||
| 037 | _aTB | ||
| 040 |
_aCRL _bhin _cCRL |
||
| 041 |
_ahin _2hin |
||
| 084 | _aY5927 152R1 | ||
| 084 | _qCRL | ||
| 100 | _aदेवेन्द्र कुमार, ले. | ||
| 245 | 0 |
_aआत्मनिर्भर भारत: एक गांधीवादी दृष्टिकोण _cदेवेन्द्र कुमार, ले. |
|
| 260 |
_aदिल्ली, भारत _bशिवालिक प्रकाशन _c2398 |
||
| 300 | _a197पृ0 | ||
| 365 |
_aINR _b155 |
||
| 650 | _aसामान्य ज्ञान | ||
| 942 |
_cTB _hY5927 152R1 |
||
| 999 |
_c1234786 _d1234786 |
||